Processo administrativo nas agn̊cias reguladoras uma proposta de disciplina legislativa

Detalles Bibliográficos
Formato: eBook
Lenguaje:portugués
Publicado: Rio de Janeiro: FGV - Direito Rio, 2016
Materias:
Acceso en línea:Acceso restringido

MARC

LEADER 00000nam a22000007a 4500
005 20161204221956.0
007 cr|||| ||||
008 161204s2016 br |||||s|||| 00||0 por d
022 |a 978-85-63265-61-6 
035 |a 14559 
040 |a vLex 
090 |c 6413  |d 6413 
245 0 0 |a Processo administrativo nas agn̊cias reguladoras  |h [Recurso electrn̤ico] :  |b uma proposta de disciplina legislativa 
256 |a Servicio en ln̕ea 
260 |a Rio de Janeiro:  |b FGV - Direito Rio,  |c 2016 
300 |a 1 recurso electrn̤ico 
506 1 |a Disponible solo en los productos indicados  |d vLex Global  |d vLex Global (Academic Edition, excluding Law Schools)  |d vLex Global (U.S. Academic Edition, Law Schools)  |d vLex Global (U.S. Academic Edition, excluding Law Schools)  |d vLex Global (Academic Edition, Law Schools) 
650 0 4 |a Derecho Pb︢lico y Administrativo  |z Brasil 
740 0 |a vLex Libros (Servicio en ln̕ea) 
856 4 0 |u http://vlex.com/source/processo-administrativo-ag-ncias-reguladoras-14559  |z Acceso restringido 
942 |c BOOK 
999 0 |a Public and Administrative Law